FORMY VEDECKEJ VÝCHOVY ŠTUDENTOV A DOKTORANDOV. VÝSKUM EDAMBA

Bibliographic Details
Main Author: Strážovská, Helena, 1934- (Author)
Format: Article
Language:Slovak
ISBN:808050413X

MARC

LEADER 00000naa a2200000uu 4500
001 vtls011045209
003 SK-MaSNL
005 20260302114614.0
008 210910|2001 xo |||||||||||||||||slo|
015 |a SNBRA 
035 |a (urnnbn)urn:nbn:sk:snk:ar-0091p7 
035 |a (uuid)7d3ae17f-10b5-4c00-83a7-e1ced5be9e66 
035 |a urn:nbn:sk:snk-aauwzj 
040 |a SNKBUCL  |b slo  |c SNKBUCL  |e AACR2 
041 0 |a slo 
044 |a xo  |c SK 
100 1 |a Strážovská, Helena,  |d 1934-  |4 aut  |9 199836 
245 1 0 |a FORMY VEDECKEJ VÝCHOVY ŠTUDENTOV A DOKTORANDOV. VÝSKUM EDAMBA  |c Elena Strážovská 
773 0 |t Reforma vysokoškolského vzdelávania  |d Nitra : Univerzita Konštantína Filozofa, 2001  |g S. 95-103  |z 808050413X 
958 |a OND 
958 |a article12 
958 |a chapter 
999 |c 1260521  |d 1262451